Internet of Things (Запис № 450849)

МАРК-запис
000 -LEADER
fixed length control field 03679nam a22006015i 4500
001 - CONTROL NUMBER
control field 978-3-319-55405-1
003 - CONTROL NUMBER IDENTIFIER
control field DE-He213
005 - DATE AND TIME OF LATEST TRANSACTION
control field 20210118142802.0
007 - PHYSICAL DESCRIPTION FIXED FIELD--GENERAL INFORMATION
fixed length control field cr nn 008mamaa
008 - FIXED-LENGTH DATA ELEMENTS--GENERAL INFORMATION
fixed length control field 170327s2017 gw | s |||| 0|eng d
020 ## - INTERNATIONAL STANDARD BOOK NUMBER
International Standard Book Number 9783319554051
-- 978-3-319-55405-1
024 7# - OTHER STANDARD IDENTIFIER
Standard number or code 10.1007/978-3-319-55405-1
Source of number or code doi
050 #4 - LIBRARY OF CONGRESS CALL NUMBER
Classification number TK7888.4
072 #7 - SUBJECT CATEGORY CODE
Subject category code TJFC
Source bicssc
072 #7 - SUBJECT CATEGORY CODE
Subject category code TEC008010
Source bisacsh
072 #7 - SUBJECT CATEGORY CODE
Subject category code TJFC
Source thema
082 04 - DEWEY DECIMAL CLASSIFICATION NUMBER
Classification number 621.3815
Edition number 23
100 1# - MAIN ENTRY--PERSONAL NAME
Personal name Hussain, Fatima.
Relator term author.
Relator code aut
-- http://id.loc.gov/vocabulary/relators/aut
245 10 - TITLE STATEMENT
Title Internet of Things
Medium [electronic resource] :
Remainder of title Building Blocks and Business Models /
Statement of responsibility, etc by Fatima Hussain.
250 ## - EDITION STATEMENT
Edition statement 1st ed. 2017.
264 #1 -
-- Cham :
-- Springer International Publishing :
-- Imprint: Springer,
-- 2017.
300 ## - PHYSICAL DESCRIPTION
Extent XV, 73 p. 24 illus., 16 illus. in color.
Other physical details online resource.
336 ## -
-- text
-- txt
-- rdacontent
337 ## -
-- computer
-- c
-- rdamedia
338 ## -
-- online resource
-- cr
-- rdacarrier
347 ## -
-- text file
-- PDF
-- rda
490 1# - SERIES STATEMENT
Series statement SpringerBriefs in Electrical and Computer Engineering,
Міжнародний стандартний серійний номер для назви серії (ISSN) 2191-8112
505 0# - FORMATTED CONTENTS NOTE
Formatted contents note Chapter 1.Internet of Everything -- Chapter 2.Communication Technologies in IoT Networks -- Chapter 3.Big Data and Fog Computing -- Chapter 4.IoT Applications and Business Models -- Chapter 5.Summary and Conclusions.
520 ## - SUMMARY, ETC.
Summary, etc This book describes the building blocks and introductory business models for Internet of Things (IoT). The author provide an overview of the entire IoT architecture and constituent layers, followed by detail description of each block . Various inter-connecting technologies and sensors are discussed in context of IoT networks. In addition to this, concepts of Big Data and Fog Computing are presented and characterized as per data generated by versatile IoT applications . Smart parking system and context aware services are presented as an hybrid model of cloud and Fog Afterwards, various IoT applications and respective business models are discussed. Finally, author summarizes the IoT building blocks and identify research issues in each, and suggest potential research projects worthy of pursuing. .
506 ## - RESTRICTIONS ON ACCESS NOTE
Terms governing access Available to subscribing member institutions only. Доступно лише організаціям членам підписки.
506 ## - RESTRICTIONS ON ACCESS NOTE
Standardized terminology for access restriction Online access from local network of NaUOA.
506 ## - RESTRICTIONS ON ACCESS NOTE
Standardized terminology for access restriction Online access with authorization at https://link.springer.com/
506 ## - RESTRICTIONS ON ACCESS NOTE
Standardized terminology for access restriction Онлайн-доступ з локальної мережі НаУОА.
506 ## - RESTRICTIONS ON ACCESS NOTE
Standardized terminology for access restriction Онлайн доступ з авторизацією на https://link.springer.com/
650 #0 - SUBJECT ADDED ENTRY--TOPICAL TERM
Topical term or geographic name as entry element Electronic circuits.
650 #0 - SUBJECT ADDED ENTRY--TOPICAL TERM
Topical term or geographic name as entry element Microprocessors.
650 #0 - SUBJECT ADDED ENTRY--TOPICAL TERM
Topical term or geographic name as entry element Signal processing.
650 #0 - SUBJECT ADDED ENTRY--TOPICAL TERM
Topical term or geographic name as entry element Image processing.
650 #0 - SUBJECT ADDED ENTRY--TOPICAL TERM
Topical term or geographic name as entry element Speech processing systems.
650 14 - SUBJECT ADDED ENTRY--TOPICAL TERM
Topical term or geographic name as entry element Circuits and Systems.
-- http://scigraph.springernature.com/things/product-market-codes/T24068
650 24 - SUBJECT ADDED ENTRY--TOPICAL TERM
Topical term or geographic name as entry element Processor Architectures.
-- http://scigraph.springernature.com/things/product-market-codes/I13014
650 24 - SUBJECT ADDED ENTRY--TOPICAL TERM
Topical term or geographic name as entry element Signal, Image and Speech Processing.
-- http://scigraph.springernature.com/things/product-market-codes/T24051
710 2# - ADDED ENTRY--CORPORATE NAME
Corporate name or jurisdiction name as entry element SpringerLink (Online service)
773 0# - HOST ITEM ENTRY
Title Springer eBooks
776 08 - ADDITIONAL PHYSICAL FORM ENTRY
Display text Printed edition:
International Standard Book Number 9783319554044
776 08 - ADDITIONAL PHYSICAL FORM ENTRY
Display text Printed edition:
International Standard Book Number 9783319554068
830 #0 - SERIES ADDED ENTRY--UNIFORM TITLE
Uniform title SpringerBriefs in Electrical and Computer Engineering,
-- 2191-8112
856 40 - ELECTRONIC LOCATION AND ACCESS
Uniform Resource Identifier <a href="https://doi.org/10.1007/978-3-319-55405-1">https://doi.org/10.1007/978-3-319-55405-1</a>
912 ## -
-- ZDB-2-ENG
942 ## - ADDED ENTRY ELEMENTS (KOHA)
Koha item type ЕКнига

Немає доступних примірників.